Statistics for Tasmania State Quiz

Click here to take the quiz!

General Stats

  • This quiz has been taken 52 times
  • The average score is 9 of 15

Answer Stats

HintAnswer% Correct
Capital?Hobart
98%
Second-largest city?Launceston
95%
Stretch of water that separates Tasmania from Mainland Australia.Bass Strait
81%
Infamous penal colony on the Tasman Peninsula.Port Arthur
81%
River on which that site sits?Derwent River
74%
Dual-peaked mountain in Tasmania's World Heritage Wilderness Area.Cradle Mountain
64%
Sub-Antarctic island, which is the southernmost point in Australia's integral territory.Macquarie Island
55%
Governor of the Dutch East Indies (Indonesia) after which Tasmania was formerly named.Anthony van Diemen
52%
Aboriginal woman from Bruny Island (Lunawanna-alonnah) who was widely believed to be the last surviving Tasmanian Aboriginal.Truganini
52%
Perpetrator of Australia's worst mass shooting, which prompted the conservative federal government to introduce strict gun control laws.Martin Bryant
48%
Mountainous peninsula with pristine beaches on the state's East Coast?Freycinet Peninsula
43%
Latitudinal range in which Tasmania sits, known for its powerful winds.Roaring Forties
43%
Wine-making region near second-largest city?Tamar Valley
38%
Proposed dam in the western wilderness areas that triggered large scale environmental protests in the 1980s.Franklin Dam
31%
Location of first European settlement?Sullivans Cove
12%

Score Distribution

Percentile by Number Answered

Percent of People with Each Score

Your Score History

You have not taken this quiz